| 000 | 00446cam a2200169ua 4500 | ||
|---|---|---|---|
| 020 | _a81-204-0495-5 | ||
| 041 |
_aeng _h |
||
| 082 |
_a660.6 _bCHO/GE |
||
| 100 | _aChopra, V.L . | ||
| 245 |
_aGenetic engineering and biotechnology / _cV.L Chopra. _hTextual Documents |
||
| 260 |
_aNew Delhi : _bOxford & IBH Publishing company , _c1996. |
||
| 300 | _a200 ; . | ||
| 504 | _a | ||
| 700 | 1 | _aNasim, Anwar . | |
| 942 | _cBK | ||
| 999 |
_c5982 _d5982 |
||